STN EN 50525-2-71: 2012 (34 7410) Elektrické káble. Nízkonapäťové káble na menovité napätia do 450/750 V (U0/U) vrátane Časť 2-71 Káble na všeobecné použitie. Ploché ohybné káble (šnúry) s termoplastickou izoláciou z PVC

Táto norma je slovenskou verziou európskej normy EN 50525-2-71: 2011. Preklad zabezpečil Slovenský ústav technickej normalizácie. Má rovnaké postavenie ako majú oficiálne verzie

Bibliographic Details
Main Authors: Čatloš, Marcel (Author), Čatlošová, Gabriela (Author)
Corporate Author: INFOSERVIS (Krompachy, Slovensko) (Author)
Format: Book
Language:Slovak
English
PhysicalDescription:12 s. obr. , tab. 30 cm
Published: Bratislava Slovenský ústav technickej normalizácie 2012
Subjects:

MARC

LEADER 00000nam a2200000 a 4500
001 vtls010356993
003 SK-MaSNL
005 20260302012224.0
008 130117s xo ka f u 000 0 slo
015 |a SNBN2013 
020 |c (cen. skup. 3) 
040 |a SNK  |b slo  |c SNK  |e AACR2 
041 1 |a slo  |h eng 
044 |a xo  |c SK 
046 |a s  |m 201205 (účin. ) 
072 7 |a 621.3  |x Elektrotechnika  |2 konspekt 
080 |a 621.315.6  |2 2001 
080 |a 006.7/.8  |2 2001 
080 |a (437.6) 2 2001  |2 1981 
080 |a (4)  |2 2001 
080 |a 621.3.027  |2 2001 
084 |a 29.060.20  |2 ICS 
130 0 |a STN 34 7410 (STN EN 50525-2-71)  |9 653832 
245 1 0 |a STN EN 50525-2-71: 2012 (34 7410) Elektrické káble. Nízkonapäťové káble na menovité napätia do 450/750 V (U0/U) vrátane  |n Časť 2-71  |p Káble na všeobecné použitie. Ploché ohybné káble (šnúry) s termoplastickou izoláciou z PVC 
246 1 0 |a Elektrické káble 
246 1 0 |a Nízkonapäťové káble na menovité napätia do 450/750 V (U0/U) vrátane. Časť 2-71 
246 1 0 |a Káble na všeobecné použitie 
246 3 0 |a EN 50525-2-71: 2011 E 
246 1 0 |a Ploché ohybné káble (šnúry) s termoplastickou izoláciou z PVC 
260 |a Bratislava  |b Slovenský ústav technickej normalizácie  |c 2012 
300 |a 12 s.  |b obr. , tab.  |c 30 cm 
500 |a Súbežný názov v angličtine, francúzštine, nemčine 
500 |a Táto norma nahrádza anglickú verziu STN EN 50525-2-71 z októbra 2011, ktorá od 1.10.2011 čiastočne nahradila STN 34 7410-5 z júla 2001 
500 |a Spracovateľ INFOSERVIS Krompachy, Gabriela Čatlošová, Marcel Čatloš 
504 |a Citované normy, súvisiace právne predpisy s. 2 ; literatúra s. 11 
520 8 |a Táto norma je slovenskou verziou európskej normy EN 50525-2-71: 2011. Preklad zabezpečil Slovenský ústav technickej normalizácie. Má rovnaké postavenie ako majú oficiálne verzie 
540 |a STN vydané na akomkoľvek nosiči sa môžu rozmnožovať a rozširovať iba so súhlasom určenej právnickej osoby  |b SÚTN Bratislava  |c zákon 264/1999 Z. z. 
650 0 7 |a izolačné materiály  |2 SNKPH  |9 69079 
650 0 7 |a technické normy a štandardy  |z Slovensko  |2 SNKPH  |9 79594 
650 0 7 |a technické normy a štandardy  |z krajiny Európskej únie  |2 SNKPH  |9 289341 
650 0 7 |a elektrické napätie  |2 SNKPH  |9 105829 
650 0 7 |a nízke napätie  |2 SNKPHeng  |9 81738 
655 7 |a normy  |2 SNKPH  |9 70643 
700 1 |a Čatloš, Marcel  |4 aut  |9 291773 
700 1 |a Čatlošová, Gabriela  |4 aut  |9 297358 
710 2 |a INFOSERVIS (Krompachy, Slovensko)  |4 aut  |9 297359 
710 2 |a Slovenský ústav technickej normalizácie (Bratislava, Slovensko).  |b Technická komisia: TK 53 Káble a elektroizolačné materiály  |4 stn  |9 413218 
774 1 8 |t STN EN 34 7410-5: 2001  |d Bratislava: Slovenský ústav technickej normalizácie, 2001  |w vtls009726929 
852 |a Štátna vedecká knižnica v Banskej Bystrici 
958 |a OP 
958 |a NB 
999 |c 1008839  |d 1010769 
952 |a SNK  |b SNK  |y PREZ  |7 0  |p 17A0954016  |o snkSTN EN 50525-2-71  |i snk2012/10220  |8 0  |0 0  |1 0  |4 0  |d 2012-05-30  |l 0  |r 2026-02-24 12:44:07  |w 2026-02-24 
952 |a SNK  |b SNK  |y PREZ  |7 0  |p 17A0954017  |o snkSTN EN 50525-2-71 D1  |i snk2012/10221  |8 0  |0 0  |1 0  |4 0  |d 2012-05-30  |l 0  |r 2026-02-24 12:44:07  |w 2026-02-24